[Event "Scarborough CC Spring into Summer"]
[Site "Toronto"]
[Date "2018.06.28"]
[Round "5.1"]
[White "Yie, Kevin Yi Xiao"]
[Black "Lei, Sean"]
[Result "1/2-1/2"]
[WhiteElo "2136"]
[BlackElo "2140"]
[PlyCount "47"]
[EventDate "2018.05.31"]
[EventType "swiss"]
[EventRounds "5"]
[EventCountry "CAN"]
[SourceTitle "EXT 2022"]
[Source "ChessBase"]
[SourceDate "2021.10.06"]
[SourceVersion "1"]
[SourceVersionDate "2021.10.06"]
[SourceQuality "1"]

1. d4 Nf6 2. Bf4 d6 3. e3 Nbd7 4. Nf3 g6 5. Be2 Bg7 6. Nbd2 b6 7. a4 Bb7 8. 0-0 0-0 9. a5 a6 10. axb6 cxb6 11. h3 Ne4 12. Nxe4 Bxe4 13. Bxa6 e5 14. Bh2 Nb8 15. Be2 Rxa1 16. Qxa1 Bxf3 17. Bxf3 exd4 18. exd4 Bxd4 19. Rd1 Qf6 20. c3 Be5 21. Bxe5 dxe5 22. Qc1 Rd8 23. Rxd8+ Qxd8 24. Qe3 1/2-1/2

[Event "Scarborough CC-ch"]
[Site "Toronto"]
[Date "2018.04.05"]
[Round "1"]
[White "Yie, Kevin Yi Xiao"]
[Black "Hay, Jonathan"]
[Result "1-0"]
[WhiteElo "1828"]
[BlackElo "1769"]
[PlyCount "97"]
[EventDate "2018.04.05"]
[EventType "swiss"]
[EventRounds "8"]
[EventCountry "CAN"]
[SourceTitle "EXT 2024"]
[Source "ChessBase"]
[SourceDate "2023.10.10"]
[SourceVersion "1"]
[SourceVersionDate "2023.10.10"]
[SourceQuality "1"]

1. d4 c6 2. c4 Nf6 3. Nc3 d5 4. cxd5 cxd5 5. Bf4 Qb6 6. Rc1 Bd7 7. Qd2 e6 8. e3 Nc6 9. Bd3 Be7 10. h3 0-0 11. Nge2 Rfc8 12. 0-0 Na5 13. Rc2 Nc4 14. Qc1 a5 15. Qb1 Bd6 16. Rfc1 Bxf4 17. Nxf4 Rc7 18. Nd1 Rac8 19. b3 Na3 20. Rxc7 Rxc7 21. Qb2 Nb5 22. Bb1 Rc6 23. Nd3 Qc7 24. Rxc6 Qxc6 25. Ne5 Qc7 26. Qd2 Na3 27. Bd3 Bb5 28. Nc3 Bxd3 29. Qxd3 g6 30. Nb5 Nxb5 31. Qxb5 Ne4 32. Qe8+ Kg7 33. Nd7 Qd6 34. Qc8 b5 35. Qb7 Qb4 36. Qb8 Kh6 37. Qf4+ Kg7 38. Qb8 Kh6 39. f3 Qd6 40. Qxb5 Nc3 41. Qc5 Qxc5 42. dxc5 Nb5 43. g4 Kg7 44. g5 h6 45. h4 hxg5 46. hxg5 f5 47. gxf6+ Kf7 48. Kg2 Ke8 49. Ne5 1-0

[Event "Scarborough CC Howard Ridout"]
[Site "Toronto"]
[Date "2017.10.19"]
[Round "6.5"]
[White "Palacios, Bobby"]
[Black "Yie, Kevin Yi Xiao"]
[Result "1/2-1/2"]
[WhiteElo "2023"]
[BlackElo "2089"]
[PlyCount "63"]
[EventDate "2017.09.14"]
[EventType "swiss"]
[EventRounds "7"]
[EventCountry "CAN"]
[SourceTitle "EXT 2022"]
[Source "ChessBase"]
[SourceDate "2021.10.06"]
[SourceVersion "1"]
[SourceVersionDate "2021.10.06"]
[SourceQuality "1"]

1. d4 d5 2. c4 c6 3. Nf3 Nf6 4. cxd5 cxd5 5. Nc3 Nc6 6. Bf4 e6 7. e3 Bd6 8. Bg5 a6 9. Bd3 Bd7 10. 0-0 0-0 11. Rc1 Rc8 12. a3 Be7 13. Ne5 Nxe5 14. dxe5 Ne8 15. Bxe7 Qxe7 16. Qh5 f5 17. Ne2 g6 18. Qf3 Ng7 19. Nd4 Qg5 20. Qf4 Qe7 21. Nb3 Rxc1 22. Rxc1 Rc8 23. Rxc8+ Bxc8 24. Qd4 Qc7 25. f4 Kf7 26. h3 Ne8 27. Kh2 Bd7 28. Nc5 Bc6 29. b4 Qc8 30. a4 Nc7 31. Qa1 Qf8 32. Qd4 1/2-1/2

[Event "Windsor NAYCC U14"]
[Site "Windsor"]
[Date "2016.08.09"]
[Round "4.68"]
[White "Le, Collin Khoi"]
[Black "Yie, Kevin Yi Xiao"]
[Result "1/2-1/2"]
[WhiteElo "1540"]
[BlackElo "1760"]
[PlyCount "53"]
[EventDate "2016.08.07"]
[EventType "swiss"]
[EventRounds "9"]
[EventCountry "CAN"]
[SourceTitle "EXT 2022"]
[Source "ChessBase"]
[SourceDate "2021.10.06"]
[SourceVersion "1"]
[SourceVersionDate "2021.10.06"]
[SourceQuality "1"]

1. e4 c5 2. Nf3 e6 3. d4 cxd4 4. Nxd4 a6 5. Nc3 Qc7 6. Be2 Bb4 7. Bd2 Nf6 8. Bf3 0-0 9. 0-0 Be7 10. Bg5 d6 11. Qe2 Nbd7 12. Rfd1 Ne5 13. a4 b6 14. a5 b5 15. Bxf6 Bxf6 16. Ndxb5 axb5 17. Nxb5 Qb8 18. Rxd6 Ba6 19. Rb6 Qxb6 20. axb6 Bxb5 21. Qd1 Nxf3+ 22. gxf3 Rab8 23. Qd6 Rfd8 24. Qc5 Be2 25. Qe3 Bb5 26. Qc5 Be2 27. Qe3 1/2-1/2

[Event "Windsor NAYCC U14"]
[Site "Windsor"]
[Date "2016.08.09"]
[Round "5.63"]
[White "Yie, Kevin Yi Xiao"]
[Black "Hua, Eugene"]
[Result "0-1"]
[WhiteElo "1760"]
[BlackElo "2140"]
[PlyCount "100"]
[EventDate "2016.08.07"]
[EventType "swiss"]
[EventRounds "9"]
[EventCountry "CAN"]
[SourceTitle "EXT 2022"]
[Source "ChessBase"]
[SourceDate "2021.10.06"]
[SourceVersion "1"]
[SourceVersionDate "2021.10.06"]
[SourceQuality "1"]

1. d4 Nf6 2. Bf4 e6 3. Nf3 c5 4. e3 d5 5. c3 Nc6 6. Nbd2 Bd6 7. Bg3 0-0 8. Bd3 b6 9. Ne5 Ne7 10. 0-0 Bb7 11. Qb1 cxd4 12. exd4 Ng6 13. Qe1 Qe7 14. Nef3 Nf4 15. Bxf4 Bxf4 16. Qe2 Nd7 17. Rfe1 Rae8 18. Nf1 Qd6 19. Qc2 g6 20. Bb5 Bc6 21. Bxc6 Qxc6 22. Rad1 b5 23. a3 a5 24. Ne3 Bxe3 25. Rxe3 b4 26. axb4 axb4 27. Qc1 Rb8 28. Rde1 Kg7 29. Ng5 Nf6 30. Rf3 h6 31. Qf4 Nd7 32. Nh3 bxc3 33. bxc3 Rb3 34. Rc1 Qb6 35. g4 Qb8 36. Qd2 Rb2 37. Qe3 e5 38. g5 h5 39. Re1 e4 40. Rg3 Rb1 41. Rxb1 Qxb1+ 42. Kg2 Ra8 43. Qe2 h4 44. Rg4 Ra2 45. Qf1 Qd3 46. Qxd3 exd3 47. Kf3 Nb6 48. Nf4 d2 49. Rg1 Rc2 50. Ne2 Nc4 0-1

[Event "CAN-ch U14"]
[Site "Windsor"]
[Date "2015.07.06"]
[Round "1.33"]
[White "Yie, Kevin Yi Xiao"]
[Black "Hou, Frank Gui"]
[Result "1-0"]
[WhiteElo "1826"]
[BlackElo "1146"]
[PlyCount "83"]
[EventDate "2015.07.06"]
[EventType "swiss"]
[EventRounds "7"]
[EventCountry "CAN"]
[SourceTitle "EXT 2022"]
[Source "ChessBase"]
[SourceDate "2021.10.06"]
[SourceVersion "1"]
[SourceVersionDate "2021.10.06"]
[SourceQuality "1"]

1. d4 d5 2. Nf3 Nf6 3. g3 Nc6 4. Bg2 Bf5 5. 0-0 e6 6. c3 Bd6 7. Nbd2 0-0 8. Re1 Re8 9. Nf1 e5 10. dxe5 Bxe5 11. Nxe5 Nxe5 12. Bg5 Be4 13. f3 Bg6 14. f4 Neg4 15. Bf3 h6 16. Bh4 Qd6 17. e3 Ne4 18. Bxg4 f5 19. Bf3 Bf7 20. Bxe4 Rxe4 21. g4 fxg4 22. Qxg4 Rae8 23. Ng3 R4e6 24. Qf3 Qc5 25. Qf2 Rxe3 26. Rxe3 Qxe3 27. Qxe3 Rxe3 28. Kf2 Re6 29. Re1 Rb6 30. Re2 Rf6 31. Bxf6 gxf6 32. Re7 c6 33. Nf5 h5 34. Nh6+ Kf8 35. Rxf7+ Ke8 36. Ke3 b5 37. Kd4 f5 38. Ke5 b4 39. Ke6 bxc3 40. Nxf5 cxb2 41. Nd6+ Kd8 42. Rd7# 1-0

[Event "Canadian op U2000"]
[Site "Montreal"]
[Date "2014.07.24"]
[Round "7"]
[White "Shah, Omaray M"]
[Black "Yie, Kevin Yi Xiao"]
[Result "1/2-1/2"]
[WhiteElo "1999"]
[BlackElo "1836"]
[PlyCount "119"]
[EventDate "2014.07.19"]
[EventType "swiss"]
[EventRounds "9"]
[EventCountry "CAN"]
[SourceTitle "EXT 2022"]
[Source "ChessBase"]
[SourceDate "2021.10.06"]
[SourceVersion "1"]
[SourceVersionDate "2021.10.06"]
[SourceQuality "1"]

1. e4 e6 2. d4 d5 3. Bd3 Nf6 4. Bg5 Be7 5. e5 Nfd7 6. h4 c5 7. c3 Nc6 8. Qg4 h5 9. Qf4 Bxg5 10. hxg5 cxd4 11. cxd4 Nb4 12. Rh3 g6 13. Nc3 Nxd3+ 14. Rxd3 a6 15. Rh3 Rf8 16. Nf3 b6 17. Nh2 Bb7 18. Rc1 Rc8 19. Rh4 Qe7 20. a3 b5 21. Na2 Rc4 22. g4 Nc5 23. Qe3 Rxc1+ 24. Nxc1 Ne4 25. f4 hxg4 26. Nxg4 Qc7 27. Rh2 Ke7 28. Kd1 Rc8 29. Nd3 Qc4 30. Nf6 a5 31. Nxe4 dxe4 32. Nc5 Rd8 33. Rd2 Qd5 34. Qc3 a4 35. Qb4 Qc4 36. Qxc4 bxc4 37. Rc2 Bd5 38. Nxa4 Rh8 39. Nc3 e3 40. Nxd5+ exd5 41. Re2 Rh4 42. Kc2 Rxf4 43. Kc3 Rf3 44. Kb4 Rf2 45. Rxe3 Rxb2+ 46. Kc5 Rb3 47. Re2 Rxa3 48. Kxd5 Rg3 49. Kxc4 Rxg5 50. Ra2 Rh5 51. Ra7+ Ke6 52. Ra6+ Kf5 53. Rf6+ Ke4 54. Rxf7 Rh8 55. e6 Rc8+ 56. Kb5 Kd5 57. e7 Rb8+ 58. Ka6 Re8 59. Kb6 Kd6 60. d5 1/2-1/2

[Event "Toronto NAYCC U12"]
[Site "Toronto"]
[Date "2013.08.17"]
[Round "6"]
[White "Doknjas, Joshua"]
[Black "Yie, Kevin Yi Xiao"]
[Result "1-0"]
[WhiteElo "1856"]
[BlackElo "1578"]
[PlyCount "137"]
[EventDate "2013.08.14"]
[EventType "swiss"]
[EventRounds "9"]
[EventCountry "CAN"]
[SourceTitle "EXT 2022"]
[Source "ChessBase"]
[SourceDate "2021.10.06"]
[SourceVersion "1"]
[SourceVersionDate "2021.10.06"]
[SourceQuality "1"]

1. e4 e6 2. d4 d5 3. Nc3 Bb4 4. exd5 exd5 5. Bd3 Nf6 6. Bg5 Be6 7. Nge2 Bd6 8. Nf4 Bxf4 9. Bxf4 h6 10. Qd2 Nc6 11. Bb5 Qd7 12. 0-0-0 a6 13. Bxc6 Qxc6 14. Be5 0-0-0 15. Bxf6 gxf6 16. Qf4 f5 17. Rd3 Rdg8 18. Rg1 Rg4 19. Qd2 Rg6 20. Ne2 Rhg8 21. Nf4 Rg5 22. Rh3 Qa4 23. Kb1 Qc4 24. b3 Qb5 25. a4 Qe8 26. Rxh6 Qe7 27. Kb2 Rg4 28. Rh3 Qg5 29. Rg3 Qh4 30. Rh3 Qg5 31. Rf3 Qh4 32. h3 R4g7 33. g3 Qh6 34. Re1 Rh7 35. Qe2 Re8 36. Re3 Qf6 37. c3 c5 38. Nxe6 fxe6 39. Rxe6 Rxe6 40. Qxe6+ Qxe6 41. Rxe6 cxd4 42. cxd4 Rxh3 43. Re5 f4 44. gxf4 Rf3 45. f5 Rxf2+ 46. Kc3 Rf3+ 47. Kb4 Kc7 48. Rxd5 Kc6 49. Rc5+ Kd6 50. Re5 Rf4 51. Kc4 Rf1 52. Re6+ Kd7 53. Rf6 Rc1+ 54. Kd5 Rc3 55. Rf7+ Kc8 56. b4 Rb3 57. Kd6 Kb8 58. Kc5 Rc3+ 59. Kd5 Rb3 60. Kc4 Re3 61. f6 Re6 62. d5 Re4+ 63. Kc5 b6+ 64. Kxb6 Rxb4+ 65. Kxa6 Rxa4+ 66. Kb6 Rb4+ 67. Kc5 Re4 68. Re7 Rf4 69. f7 1-0

[Event "CAN-ch U12"]
[Site "Ottawa"]
[Date "2013.07.11"]
[Round "3"]
[White "Cheung, Damien"]
[Black "Yie, Kevin Yi Xiao"]
[Result "1/2-1/2"]
[WhiteElo "1021"]
[BlackElo "1577"]
[PlyCount "118"]
[EventDate "2013.07.10"]
[EventType "swiss"]
[EventRounds "6"]
[EventCountry "CAN"]
[SourceTitle "EXT 2022"]
[Source "ChessBase"]
[SourceDate "2021.10.06"]
[SourceVersion "1"]
[SourceVersionDate "2021.10.06"]
[SourceQuality "1"]

1. e4 g6 2. d4 Bg7 3. Nf3 d6 4. Nc3 Nd7 5. Bc4 c5 6. Be3 cxd4 7. Bxd4 Ngf6 8. Qd2 0-0 9. 0-0-0 a6 10. Be3 b5 11. Bd3 Ng4 12. Bd4 Nge5 13. Nxe5 Nxe5 14. f4 Nxd3+ 15. Qxd3 Bg4 16. Bxg7 Kxg7 17. Rd2 Be6 18. f5 Bc4 19. Qd4+ Kg8 20. b3 b4 21. Qxc4 bxc3 22. Qxc3 Qb6 23. Qd4 Qa5 24. Qb2 Rfc8 25. Rhd1 Ra7 26. Rd5 Qb6 27. f6 Qe3+ 28. Kb1 Qxe4 29. fxe7 Qxe7 30. Rxd6 Rf8 31. Qf6 Qe2 32. Rd8 Ra8 33. R8d2 Qh5 34. g3 a5 35. a4 Rab8 36. h4 Qg4 37. Qf4 Qe6 38. Kb2 Rb4 39. Rd4 Rbb8 40. Qd6 Qe3 41. R4d3 Qe2 42. Qf4 Rbc8 43. Qd2 Qe5+ 44. Ka2 Qc5 45. Kb2 Qe5+ 46. Ka2 Qc7 47. Kb2 Rfe8 48. Qc3 Qb6 49. Qd2 Qc5 50. Qc3 Qf5 51. Qd2 Qe6 52. Ka2 Kg7 53. Rd5 Qe2 54. Qxe2 Rxe2 55. R5d2 Rxc2+ 56. Rxc2 Rxc2+ 57. Ka3 Rc5 58. Rd3 Kf6 59. b4 axb4+ 1/2-1/2

[Event "Scarborough CC-ch Reserves"]
[Site "Toronto"]
[Date "2012.05.03"]
[Round "7"]
[White "Egorov, Mikhail"]
[Black "Yie, Kevin Yi Xiao"]
[Result "1/2-1/2"]
[WhiteElo "2081"]
[BlackElo "1678"]
[PlyCount "45"]
[EventDate "2012.03.22"]
[EventType "swiss"]
[EventRounds "9"]
[EventCountry "CAN"]
[SourceTitle "EXT 2022"]
[Source "ChessBase"]
[SourceDate "2021.10.06"]
[SourceVersion "1"]
[SourceVersionDate "2021.10.06"]
[SourceQuality "1"]

1. e4 e5 2. Nf3 Nc6 3. d4 exd4 4. Nxd4 Bc5 5. Be3 Bb6 6. Nc3 Nge7 7. Bc4 h6 8. 0-0 d6 9. Nd5 0-0 10. Nxb6 axb6 11. Qh5 Ne5 12. Be2 N7c6 13. f4 Nd7 14. Nxc6 bxc6 15. Bd4 c5 16. Bc3 Bb7 17. e5 dxe5 18. fxe5 Qg5 19. Qxg5 hxg5 20. Bg4 Nb8 21. e6 f6 22. Bh5 Bd5 23. e7 1/2-1/2